| 000 | 00487pab a2200169 454500 | ||
|---|---|---|---|
| 008 | 180718b2006 xxu||||| |||| 00| 0 eng d | ||
| 100 | _aLegris, Paul | ||
| 245 | _aA roadmap for IT project implementation: integrating stakeholders and change management issues | ||
| 260 | _c2006 | ||
| 300 | _ap.64-75. | ||
| 362 | _aDec | ||
| 650 | _aProject Management | ||
| 650 | _aInformation technology | ||
| 700 | _aCollerette, Pierre | ||
| 773 | _aProject Management Journal | ||
| 909 | _a73081 | ||
| 999 |
_c73081 _d73081 |
||